Poplar (Record no. 65831)

MARC details
000 -LEADER
fixed length control field 01418cam a2200265 4500
001 - CONTROL NUMBER
control field ABS63515
008 - FIXED-LENGTH DATA ELEMENTS--GENERAL INFORMATION
fixed length control field 000000n2000 000 0 eng u
035 ## - SYSTEM CONTROL NUMBER
System control number (Sirsi) u110426
100 ## - MAIN ENTRY--PERSONAL NAME
Personal name Kochan, B.
245 ## - TITLE STATEMENT
Title Poplar
260 ## - PUBLICATION, DISTRIBUTION, ETC.
Date of publication, distribution, etc. 2000
490 ## - SERIES STATEMENT
Series statement Urban Environment Today
Volume/sequential designation 2(110) 30 November 2000, 12-13(2)
520 ## - SUMMARY, ETC.
Summary, etc. Focuses on the challenges associated with the social and economic regeneration of Poplar following the decline of docks and river-related industries in East London. £230m is being invested in the area and its housing stock whilst estate boards and community development teams for each neighbourhood are amongst the new management structures introduced. The development teams are made up from members of the boards, which include representatives from the community as well as a director, and help residents to learn new skills and participate within the community. This is facilitated by community development plans. Also considers the role played by Leaside Regeneration, an SRB partnership, in promoting new local business which could service the major new developments nearby.
650 ## - SUBJECT ADDED ENTRY--TOPICAL TERM
Topical term or geographic name entry element EAST LONDON
650 ## - SUBJECT ADDED ENTRY--TOPICAL TERM
Topical term or geographic name entry element ESTATE BOARDS
650 ## - SUBJECT ADDED ENTRY--TOPICAL TERM
Topical term or geographic name entry element COMMUNITY DEVELOPMENT TEAMS
650 ## - SUBJECT ADDED ENTRY--TOPICAL TERM
Topical term or geographic name entry element COMMUNITY ACTION
650 ## - SUBJECT ADDED ENTRY--TOPICAL TERM
Topical term or geographic name entry element LEASIDE
650 ## - SUBJECT ADDED ENTRY--TOPICAL TERM
Topical term or geographic name entry element NEIGHBOURHOOD RENEWAL
650 ## - SUBJECT ADDED ENTRY--TOPICAL TERM
Topical term or geographic name entry element POPLAR
650 ## - SUBJECT ADDED ENTRY--TOPICAL TERM
Topical term or geographic name entry element SRB
690 ## - LOCAL SUBJECT ADDED ENTRY--TOPICAL TERM (OCLC, RLIN)
Topical term or geographic name as entry element REGENERATION
700 ## - ADDED ENTRY--PERSONAL NAME
Personal name Chapman, C.
942 ## - ADDED ENTRY ELEMENTS (KOHA)
Suppress in OPAC 0
Holdings
Withdrawn status Lost status Source of classification or shelving scheme Damaged status Not for loan Home library Current library Shelving location Date acquired Total Checkouts Full call number Barcode Date last seen Copy number Price effective from Koha item type
    Dewey Decimal Classification     London London Journal article 07/03/2001   ABS63515 110426-1001 06/08/2019 1 06/08/2019 Journal article